[Event "Yerevan"]
[Site "Erevan ARM"]
[Date "1976.??.??"]
[Round "?"]
[White "Smejkal, Jan"]
[Black "Romanishin, Oleg M"]
[Result "0-1"]
[WhiteElo "2615"]
[BlackElo "2560"]
[PlyCount "126"]
[EventDate "1976.??.??"]
[Source "www.chesslib.no"]
[SourceDate "2004.05.04"]

1. e4 e5 2. Nf3 Nc6 3. Bb5 a6 4. Bxc6 dxc6 5. O-O Qd6 6. Na3 Be6 7. Ng5 f6 8.
Nxe6 Qxe6 9. d3 Bxa3 10. bxa3 Ne7 11. Be3 b6 12. Qb1 c5 13. Qb3 Qd6 14. Rab1
Nc6 15. f4 exf4 16. Bxf4 Qd7 17. Kh1 Nd4 18. Qc4 Ne6 19. Bg3 O-O 20. Rf2 Kh8
21. Rbf1 Qe7 22. h3 h6 23. Qd5 Rad8 24. Qh5 Kg8 25. e5 fxe5 26. Qxe5 Rxf2 27.
Rxf2 Qd6 28. Qe3 Qd5 29. Kh2 Rf8 30. c4 Qc6 31. Rxf8+ Kxf8 32. Be5 a5 33. Qg3
Kf7 34. Qg4 Qd7 35. Qf5+ Ke8 36. Qe4 Kd8 37. Qa8+ Ke7 38. Qe4 Kf7 39. Qf5+ Ke8
40. Qg6+ Kd8 41. h4 a4 42. Qe4 c6 43. Kg3 Qe8 44. Kf2 Qh5 45. Ke1 Kd7 46. Bg3
Nd4 47. Be5 Nf5 48. g3 Qf7 49. Kd2 h5 50. Qf4 Qe6 51. Bc3 Qg6 52. Be5 Ke6 53.
Qe4 Kf7 54. Bc7 Qf6 55. Bxb6 Nxg3 56. Qe1 Qb2+ 57. Kd1 Qb1+ 58. Kd2 Qxa2+ 59.
Ke3 Nf5+ 60. Kf4 Nd4 61. Qf1 Qh2+ 62. Kg5+ Kg8 63. Kxh5 Qg3 0-1